[Event "Mecklenburg VP LL2 Ost 2223"]
[Site "Mecklenburg VP"]
[Date "2023.03.19"]
[Round "7.3"]
[White "Schreiner, Wolfgang"]
[Black "Johlke, Lorenz"]
[Result "0-1"]
[WhiteElo "1765"]
[BlackElo "1653"]
[PlyCount "76"]
[EventDate "2022.10.23"]
[EventType "team-tourn"]
[EventRounds "9"]
[EventCountry "GER"]
[SourceTitle "EXT 2024"]
[Source "ChessBase"]
[SourceDate "2023.10.10"]
[SourceVersion "1"]
[SourceVersionDate "2023.10.10"]
[SourceQuality "1"]
[WhiteTeam "Waren"]
[BlackTeam "Stralsund HSG II"]
[WhiteTeamCountry "GER"]
[BlackTeamCountry "GER"]

1. e4 e6 2. d3 d5 3. Nd2 Nf6 4. Ngf3 c5 5. g3 Be7 6. Bg2 0-0 7. e5 Nfd7 8. 0-0 Nc6 9. Re1 Qc7 10. Qe2 b5 11. Nf1 Bb7 12. Bf4 Nb6 13. c3 d4 14. c4 bxc4 15. dxc4 a5 16. a4 Nb4 17. Rec1 d3 18. Qd2 Nc2 19. Ra2 Nxc4 20. Qxd3 Nb4 21. Qb1 Nxa2 22. Qxa2 Nb6 23. Ne3 Nd5 24. Nxd5 Bxd5 25. b3 Qb7 26. Rc3 Rac8 27. Qc2 Be4 28. Qe2 Rfd8 29. Ne1 Bxg2 30. Nxg2 Rd7 31. Ne3 Rcd8 32. Nf1 Qb4 33. Qf3 Rd4 34. Kg2 c4 35. Rxc4 Rxc4 36. bxc4 Qxc4 37. Qb7 Qd5+ 38. Qxd5 Rxd5 0-1

[Event "Mecklenburg VP LL2 Ost 2223"]
[Site "Mecklenburg VP"]
[Date "2022.12.11"]
[Round "4.1"]
[White "Schreiner, Wolfgang"]
[Black "Dupke, Andreas"]
[Result "0-1"]
[WhiteElo "1765"]
[BlackElo "1819"]
[PlyCount "48"]
[EventDate "2022.10.23"]
[EventType "team-tourn"]
[EventRounds "9"]
[EventCountry "GER"]
[SourceTitle "EXT 2024"]
[Source "ChessBase"]
[SourceDate "2023.10.10"]
[SourceVersion "1"]
[SourceVersionDate "2023.10.10"]
[SourceQuality "1"]
[WhiteTeam "Waren"]
[BlackTeam "Neubrandenburg II"]
[WhiteTeamCountry "GER"]
[BlackTeamCountry "GER"]

1. e4 c5 2. Nf3 Nc6 3. Bb5 a6 4. Bxc6 dxc6 5. 0-0 Qc7 6. h3 e5 7. c3 Be6 8. Qe2 0-0-0 9. Ng5 Qd7 10. Nxe6 Qxe6 11. c4 h5 12. d3 Be7 13. Be3 g5 14. f3 Nh6 15. Bf2 g4 16. fxg4 hxg4 17. h4 g3 18. Bxg3 Ng4 19. Nd2 Bxh4 20. Bxh4 Rxh4 21. Qf3 Rdh8 22. g3 Rh1+ 23. Qxh1 Rxh1+ 24. Kxh1 Qh6+ 0-1

[Event "Mecklenburg VP LL2 Ost 2223"]
[Site "Mecklenburg VP"]
[Date "2022.11.06"]
[Round "2.2"]
[White "Eckermann, Klaus"]
[Black "Schreiner, Wolfgang"]
[Result "1/2-1/2"]
[WhiteElo "1816"]
[BlackElo "1765"]
[PlyCount "37"]
[EventDate "2022.10.23"]
[EventType "team-tourn"]
[EventRounds "9"]
[EventCountry "GER"]
[SourceTitle "EXT 2024"]
[Source "ChessBase"]
[SourceDate "2023.10.10"]
[SourceVersion "1"]
[SourceVersionDate "2023.10.10"]
[SourceQuality "1"]
[WhiteTeam "Ribnitz Damgarten"]
[BlackTeam "Waren"]
[WhiteTeamCountry "GER"]
[BlackTeamCountry "GER"]

1. e4 c5 2. Nf3 e6 3. d4 cxd4 4. Nxd4 a6 5. Bd3 Qc7 6. 0-0 Nf6 7. Nc3 Be7 8. Be3 0-0 9. f4 d6 10. Qe2 Nbd7 11. Nb3 b5 12. a3 Bb7 13. g4 d5 14. e5 Ne8 15. Bd4 Nc5 16. Nxc5 Bxc5 17. Bxc5 Qxc5+ 18. Qf2 Qxf2+ 19. Rxf2 1/2-1/2

[Event "Mecklenburg VP LL2 Ost 1415"]
[Site "Mecklenburg VP"]
[Date "2015.04.26"]
[Round "9.3"]
[White "Kilp, Andreas"]
[Black "Schreiner, Wolfgang"]
[Result "1-0"]
[WhiteElo "1632"]
[BlackElo "1830"]
[PlyCount "87"]
[EventDate "2014.09.21"]
[EventType "team-tourn"]
[EventRounds "9"]
[EventCountry "GER"]
[SourceTitle "EXT 2022"]
[Source "ChessBase"]
[SourceDate "2021.10.06"]
[SourceVersion "1"]
[SourceVersionDate "2021.10.06"]
[SourceQuality "1"]
[WhiteTeam "Torgelow Droegeheide II"]
[BlackTeam "Waren ESV"]
[WhiteTeamCountry "GER"]
[BlackTeamCountry "GER"]

1. e4 c5 2. Nf3 e6 3. d4 cxd4 4. Nxd4 a6 5. Be2 Qc7 6. 0-0 Nf6 7. Bf3 Nc6 8. Re1 d6 9. Nc3 Be7 10. Bg5 Bd7 11. Qd2 Ne5 12. Be2 h6 13. Bf4 Rc8 14. Bxe5 dxe5 15. Nf3 Bb4 16. Bd3 Qa5 17. Rab1 Rxc3 18. bxc3 Bxc3 19. Qe3 Bxe1 20. Rxb7 Bxf2+ 21. Qxf2 0-0 22. h3 Qxa2 23. Qb6 Bb5 24. Bxb5 axb5 25. Qxb5 Qxc2 26. Nxe5 Qxe4 27. Rb8 Qd4+ 28. Kh1 Qd6 29. Rb7 Qd5 30. Qb2 Nh5 31. Rb8 Rd8 32. Rxd8+ Qxd8 33. Qb7 Qf6 34. Qc8+ Kh7 35. Nd7 Qf1+ 36. Kh2 g5 37. Nf8+ Kg7 38. Nd7 Qf4+ 39. Kg1 Qd6 40. Qc3+ f6 41. Qc8 Nf4 42. Qb7 Kg6 43. Qc8 Qd5 44. Qe8+ 1-0

[Event "Mecklenburg VP LL2 Ost 1415"]
[Site "Mecklenburg VP"]
[Date "2015.02.22"]
[Round "6.3"]
[White "Schreiner, Wolfgang"]
[Black "Onasch, Gunnar"]
[Result "1-0"]
[WhiteElo "1830"]
[BlackElo "1821"]
[PlyCount "105"]
[EventDate "2014.09.21"]
[EventType "team-tourn"]
[EventRounds "9"]
[EventCountry "GER"]
[SourceTitle "EXT 2022"]
[Source "ChessBase"]
[SourceDate "2021.10.06"]
[SourceVersion "1"]
[SourceVersionDate "2021.10.06"]
[SourceQuality "1"]
[WhiteTeam "Waren ESV"]
[BlackTeam "Waterkant Saal SV"]
[WhiteTeamCountry "GER"]
[BlackTeamCountry "GER"]

1. e4 d5 2. exd5 Nf6 3. Nc3 Nxd5 4. Nxd5 Qxd5 5. Nf3 Bg4 6. Be2 e6 7. 0-0 Be7 8. c4 Qa5 9. d4 c6 10. Ne5 Bxe2 11. Qxe2 0-0 12. Bd2 Qc7 13. Bf4 Qd8 14. Rad1 Bg5 15. Bxg5 Qxg5 16. Rd3 Na6 17. Rb3 Qe7 18. c5 Rad8 19. Nxc6 bxc6 20. Qxa6 Rxd4 21. Qxc6 Rc4 22. Rb5 Rd8 23. b4 g6 24. Rb7 Qf6 25. a3 Rc2 26. Qf3 Qxf3 27. gxf3 a5 28. Kg2 Rd3 29. Ra1 Rdd2 30. Rc7 Rxf2+ 31. Kg3 Rg2+ 32. Kf4 axb4 33. axb4 Rc4+ 34. Ke5 Rg5+ 35. Kd6 Rd5+ 36. Ke7 Rxb4 37. c6 Rc4 38. Ra6 h5 39. Rd7 Rdc5 40. Rd6 h4 41. h3 Rc3 42. Kd7 Rxf3 43. c7 Rxc7+ 44. Kxc7 Rxh3 45. Ra4 Rc3+ 46. Kd7 g5 47. Ke7 Kg7 48. Rd2 Rf3 49. Rg2 Kh6 50. Ra5 f5 51. Kf6 g4 52. Ra8 Kh7 53. Rc2 1-0

[Event "Mecklenburg VP LL2 Ost 1314"]
[Site "Mecklenburg VP"]
[Date "2013.10.27"]
[Round "1.4"]
[White "Schreiner, Wolfgang"]
[Black "Poppe, Thomas"]
[Result "0-1"]
[WhiteElo "1789"]
[BlackElo "1696"]
[PlyCount "31"]
[EventDate "2013.10.27"]
[EventType "team-tourn"]
[EventRounds "9"]
[EventCountry "GER"]
[SourceTitle "EXT 2022"]
[Source "ChessBase"]
[SourceDate "2021.10.06"]
[SourceVersion "1"]
[SourceVersionDate "2021.10.06"]
[SourceQuality "1"]
[WhiteTeam "Waren ESV"]
[BlackTeam "Graal Mueritz"]
[WhiteTeamCountry "GER"]
[BlackTeamCountry "GER"]

1. e4 c5 2. Nf3 d6 3. Bb5+ Bd7 4. Bxd7+ Nxd7 5. 0-0 Ngf6 6. Qe2 Qc7 7. c3 Rc8 8. d4 cxd4 9. cxd4 g6 10. e5 dxe5 11. dxe5 Ng4 12. e6 Nde5 13. Bf4 f6 14. Nxe5 Nxe5 15. Qb5+ Qc6 16. Rc1 0-1

[Event "Mecklenburg VP LL2 Ost 1213"]
[Site "Mecklenburg VP"]
[Date "2013.04.28"]
[Round "9.4"]
[White "Schreiner, Wolfgang"]
[Black "Rosin, Ralf"]
[Result "1/2-1/2"]
[WhiteElo "1818"]
[BlackElo "1656"]
[PlyCount "54"]
[EventDate "2012.10.14"]
[EventType "team-tourn"]
[EventRounds "9"]
[EventCountry "GER"]
[SourceTitle "EXT 2022"]
[Source "ChessBase"]
[SourceDate "2021.10.06"]
[SourceVersion "1"]
[SourceVersionDate "2021.10.06"]
[SourceQuality "1"]
[WhiteTeam "Waren ESV"]
[BlackTeam "Neubrandenburg SV Turbine"]
[WhiteTeamCountry "GER"]
[BlackTeamCountry "GER"]

1. e4 e6 2. d3 d5 3. Nd2 c5 4. g3 Nc6 5. Bg2 d4 6. f4 Nf6 7. Ngf3 Qc7 8. 0-0 Be7 9. Qe2 Bd7 10. a3 h5 11. e5 Nd5 12. Ne4 f6 13. Nf2 0-0-0 14. h4 Rdf8 15. Bh3 fxe5 16. Nxe5 Nxe5 17. fxe5 Qb6 18. Ne4 Rxf1+ 19. Kxf1 Kb8 20. c4 dxc3 21. bxc3 Rf8+ 22. Kg2 Qb3 23. c4 Nc3 24. Nxc3 Qxc3 25. Bb2 Qa5 26. Rf1 Rxf1 27. Kxf1 Qb6 1/2-1/2

[Event "Mecklenburg VP LL2 Ost 1213"]
[Site "Mecklenburg VP"]
[Date "2013.04.14"]
[Round "8.4"]
[White "Richter, Frank"]
[Black "Schreiner, Wolfgang"]
[Result "1/2-1/2"]
[WhiteElo "1615"]
[BlackElo "1818"]
[PlyCount "46"]
[EventDate "2012.10.14"]
[EventType "team-tourn"]
[EventRounds "9"]
[EventCountry "GER"]
[SourceTitle "EXT 2022"]
[Source "ChessBase"]
[SourceDate "2021.10.06"]
[SourceVersion "1"]
[SourceVersionDate "2021.10.06"]
[SourceQuality "1"]
[WhiteTeam "Waterkant Saal SV"]
[BlackTeam "Waren ESV"]
[WhiteTeamCountry "GER"]
[BlackTeamCountry "GER"]

1. d4 Nf6 2. c4 e6 3. Nc3 Bb4 4. Qc2 c5 5. a3 Bxc3+ 6. bxc3 d5 7. Nf3 0-0 8. Bg5 cxd4 9. Bxf6 Qxf6 10. cxd4 Nc6 11. e3 dxc4 12. Bxc4 Bd7 13. Rb1 b6 14. Bd3 h6 15. 0-0 Rac8 16. Qb2 Rfd8 17. Ba6 Rb8 18. Rfc1 Qe7 19. Rc3 Be8 20. Rcc1 Qd6 21. Bb5 Ne7 22. Bxe8 Rxe8 23. h3 Rbc8 1/2-1/2

[Event "Mecklenburg VP VL 1112"]
[Site "Mecklenburg VP"]
[Date "2012.03.04"]
[Round "6.2"]
[White "Schreiner, Wolfgang"]
[Black "Hubert, Peter"]
[Result "0-1"]
[WhiteElo "1859"]
[BlackElo "1990"]
[PlyCount "81"]
[EventDate "2011.10.02"]
[EventType "team-tourn"]
[EventRounds "9"]
[EventCountry "GER"]
[SourceTitle "EXT 2022"]
[Source "ChessBase"]
[SourceDate "2021.10.06"]
[SourceVersion "1"]
[SourceVersionDate "2021.10.06"]
[SourceQuality "1"]
[WhiteTeam "Waren ESV"]
[BlackTeam "Stralsund FHSG"]
[WhiteTeamCountry "GER"]
[BlackTeamCountry "GER"]

1. e4 g6 2. d4 Bg7 3. c4 d6 4. Nc3 Nf6 5. f3 Nbd7 6. Be3 c6 7. Qd2 h6 8. Be2 Qa5 9. Nh3 a6 10. Rb1 Qc7 11. a4 a5 12. 0-0 e5 13. d5 Nc5 14. Nf2 Bd7 15. b4 axb4 16. Rxb4 cxd5 17. cxd5 0-0 18. Rfb1 Kh7 19. Bxc5 Qxc5 20. Bb5 Rfc8 21. R1b3 h5 22. Bxd7 Nxd7 23. Rxb7 Ra7 24. Rxa7 Qxa7 25. g3 Bh6 26. Qe2 Nc5 27. Ra3 Rb8 28. Kg2 Bc1 29. Ra2 Qb6 30. Qb5 Qd8 31. Qc4 Be3 32. Nd3 Nd7 33. Nb5 Rc8 34. Qb4 Bc5 35. Nxc5 Nxc5 36. Na7 Rb8 37. Qc4 Qb6 38. Qb5 Qxa7 39. Qc6 Rb6 40. Qe8 Rb8 41. Qc6 0-1

[Event "Mecklenburg VP LL2 Ost 1011"]
[Site "Mecklenburg VP"]
[Date "2011.04.10"]
[Round "9.3"]
[White "Schreiner, Wolfgang"]
[Black "Wehrmann, Horst"]
[Result "1/2-1/2"]
[WhiteElo "1825"]
[BlackElo "1667"]
[PlyCount "46"]
[EventDate "2010.10.10"]
[EventType "team-tourn"]
[EventRounds "9"]
[EventCountry "GER"]
[SourceTitle "EXT 2022"]
[Source "ChessBase"]
[SourceDate "2021.10.06"]
[SourceVersion "1"]
[SourceVersionDate "2021.10.06"]
[SourceQuality "1"]
[WhiteTeam "Waren ESV"]
[BlackTeam "Ribnitz Damgarten"]
[WhiteTeamCountry "GER"]
[BlackTeamCountry "GER"]

1. e4 c6 2. d4 d5 3. Nc3 e6 4. Nf3 h6 5. Bd3 dxe4 6. Nxe4 Nf6 7. Bf4 Nxe4 8. Bxe4 Bd6 9. Be3 Nd7 10. Qd2 Nf6 11. Bd3 Nd5 12. 0-0 Qe7 13. Ne5 Nxe3 14. Qxe3 Bxe5 15. dxe5 0-0 16. Rad1 Bd7 17. Qe4 g6 18. Rfe1 f5 19. exf6 Rxf6 20. Re3 Raf8 21. Rg3 Be8 22. Bc4 Kh7 23. Rd2 Qc5 1/2-1/2

[Event "Mecklenburg VP LL2 Ost 1011"]
[Site "Mecklenburg VP"]
[Date "2011.02.27"]
[Round "7.4"]
[White "Schreiner, Wolfgang"]
[Black "Worm, Alfred"]
[Result "0-1"]
[WhiteElo "1825"]
[BlackElo "1699"]
[PlyCount "56"]
[EventDate "2010.10.10"]
[EventType "team-tourn"]
[EventRounds "9"]
[EventCountry "GER"]
[SourceTitle "EXT 2022"]
[Source "ChessBase"]
[SourceDate "2021.10.06"]
[SourceVersion "1"]
[SourceVersionDate "2021.10.06"]
[SourceQuality "1"]
[WhiteTeam "Waren ESV"]
[BlackTeam "Rostock SSC 07 III"]
[WhiteTeamCountry "GER"]
[BlackTeamCountry "GER"]

1. e4 c6 2. d4 d5 3. Nc3 dxe4 4. Nxe4 Bf5 5. Ng3 Bg6 6. Nf3 Nd7 7. h4 h6 8. h5 Bh7 9. Bd3 Bxd3 10. Qxd3 e6 11. Be3 Qa5+ 12. c3 Ngf6 13. Qc2 Bd6 14. b4 Qc7 15. Ne4 Nxe4 16. Qxe4 Nf6 17. Qd3 0-0 18. Rh4 a5 19. Qd2 axb4 20. Bxh6 bxc3 21. Qg5 Ne8 22. Bxg7 Nxg7 23. Rg4 f5 24. Qh6 fxg4 25. Ng5 Nf5 26. Qxe6+ Kh8 27. Kf1 Rae8 28. Qc4 Nh6 0-1

[Event "Mecklenburg VP LL2 Ost 1011"]
[Site "Mecklenburg VP"]
[Date "2010.11.14"]
[Round "3.3"]
[White "Schmidt, Reinhard"]
[Black "Schreiner, Wolfgang"]
[Result "0-1"]
[WhiteElo "1793"]
[BlackElo "1825"]
[PlyCount "56"]
[EventDate "2010.10.10"]
[EventType "team-tourn"]
[EventRounds "9"]
[EventCountry "GER"]
[SourceTitle "EXT 2022"]
[Source "ChessBase"]
[SourceDate "2021.10.06"]
[SourceVersion "1"]
[SourceVersionDate "2021.10.06"]
[SourceQuality "1"]
[WhiteTeam "Warnemuende SF Ostsee II"]
[BlackTeam "Waren ESV"]
[WhiteTeamCountry "GER"]
[BlackTeamCountry "GER"]

1. e4 c5 2. Nf3 e6 3. c3 d5 4. exd5 exd5 5. d4 Nc6 6. Be3 Nf6 7. Bb5 cxd4 8. Nxd4 Bd7 9. 0-0 Bd6 10. f3 0-0 11. Nxc6 bxc6 12. Bd3 Qc7 13. g3 Bh3 14. Rf2 Rfe8 15. Bd4 Re6 16. Re2 Bxg3 17. Rxe6 Bxh2+ 18. Kh1 fxe6 19. Qc2 Bf4 20. Nd2 e5 21. Bf2 Re8 22. Rg1 Qf7 23. Nf1 Qh5 24. Nh2 Bg4 25. Bh4 Qxh4 26. fxg4 e4 27. Bf1 e3 28. Qg2 Ne4 0-1

[Event "Mecklenburg VP LL2 Ost 0910"]
[Site "Mecklenburg VP"]
[Date "2010.04.11"]
[Round "9.4"]
[White "Schreiner, Wolfgang"]
[Black "Boecking, Uwe"]
[Result "1/2-1/2"]
[WhiteElo "1842"]
[BlackElo "1725"]
[PlyCount "39"]
[EventDate "2009.10.18"]
[EventType "team-tourn"]
[EventRounds "9"]
[EventCountry "GER"]
[SourceTitle "EXT 2016"]
[Source "ChessBase"]
[SourceDate "2015.10.08"]
[SourceVersion "1"]
[SourceVersionDate "2015.10.08"]
[SourceQuality "1"]
[WhiteTeam "Waren"]
[BlackTeam "Warnemuende SF Ostsee II"]
[WhiteTeamCountry "GER"]
[BlackTeamCountry "GER"]

1. e4 c5 2. Nf3 e6 3. d4 cxd4 4. Nxd4 Nc6 5. Nc3 a6 6. Be2 Qc7 7. 0-0 b5 8. Nxc6 Qxc6 9. Bf3 Bb7 10. Re1 Qc7 11. e5 Bxf3 12. Qxf3 Rc8 13. Bf4 Ne7 14. Rad1 Ng6 15. Bg3 Bb4 16. Ne4 0-0 17. c3 Be7 18. Nd6 Rb8 19. Qg4 Rb6 20. Qd4 1/2-1/2

[Event "Mecklenburg VP LL2 Ost 0708"]
[Site "Mecklenburg VP"]
[Date "2008.03.09"]
[Round "?"]
[White "Schreiner, Wolfgang"]
[Black "Reinke, Thomas"]
[Result "1-0"]
[WhiteElo "1860"]
[BlackElo "1832"]
[PlyCount "71"]
[EventDate "2007.10.21"]
[EventType "team-tourn"]
[EventRounds "9"]
[EventCountry "GER"]
[SourceTitle "EXT 2016"]
[Source "ChessBase"]
[SourceDate "2015.10.08"]
[SourceVersion "1"]
[SourceVersionDate "2015.10.08"]
[SourceQuality "1"]
[WhiteTeam "Waren"]
[BlackTeam "Wolgast Motor"]
[WhiteTeamCountry "GER"]
[BlackTeamCountry "GER"]

1. e4 e6 2. d3 d5 3. Nd2 Nf6 4. g3 c5 5. Bg2 Nc6 6. Ngf3 Be7 7. 0-0 0-0 8. e5 Nd7 9. Re1 Qc7 10. Qe2 b5 11. Nf1 Bb7 12. Bf4 Rac8 13. c3 a5 14. h4 d4 15. Rac1 Qb6 16. N1d2 dxc3 17. bxc3 Rfd8 18. Ne4 Nf8 19. Nfg5 h6 20. Nf3 Ng6 21. h5 Nxf4 22. gxf4 b4 23. c4 Rd7 24. Bh3 Rcd8 25. f5 exf5 26. Bxf5 Nd4 27. Nxd4 Rxd4 28. Qg4 Bc6 29. Re3 Bxe4 30. Bxe4 Qe6 31. Qg3 Kf8 32. f4 f5 33. exf6 Qxf6 34. Rce1 Bd6 35. Bg6 Be7 36. Re6 1-0

[Event "Mecklenburg VP LL2 Ost 0708"]
[Site "Mecklenburg VP"]
[Date "2008.02.10"]
[Round "6.3"]
[White "Hartmann, Elisa"]
[Black "Schreiner, Wolfgang"]
[Result "0-1"]
[WhiteElo "1675"]
[BlackElo "1860"]
[PlyCount "60"]
[EventDate "2007.10.21"]
[EventType "team-tourn"]
[EventRounds "9"]
[EventCountry "GER"]
[SourceTitle "EXT 2016"]
[Source "ChessBase"]
[SourceDate "2015.10.08"]
[SourceVersion "1"]
[SourceVersionDate "2015.10.08"]
[SourceQuality "1"]
[WhiteTeam "Gryps SV"]
[BlackTeam "Waren"]
[WhiteTeamCountry "GER"]
[BlackTeamCountry "GER"]

1. e4 c5 2. Nf3 e6 3. d4 cxd4 4. Nxd4 a6 5. Bc4 Qc7 6. Bb3 Nf6 7. Nc3 Bb4 8. Qd3 Bxc3+ 9. bxc3 Nxe4 10. 0-0 Nc5 11. Qf3 0-0 12. Re1 Nxb3 13. cxb3 Nc6 14. Bf4 d6 15. Qg3 e5 16. Bh6 f5 17. Nxc6 bxc6 18. Bd2 f4 19. Qf3 d5 20. Qh5 e4 21. c4 Be6 22. cxd5 cxd5 23. Rac1 Qe7 24. Rc2 Rf5 25. Qe2 f3 26. Qe3 Qh4 27. Kh1 Raf8 28. g4 Rf4 29. Bb4 Rxg4 30. Bxf8 Qh3 0-1

[Event "Mecklenburg VP LL2 Ost 0708"]
[Site "Mecklenburg VP"]
[Date "2007.11.25"]
[Round "3.3"]
[White "Schreiner, Wolfgang"]
[Black "Manke, Karsten"]
[Result "1/2-1/2"]
[WhiteElo "1860"]
[BlackElo "1817"]
[PlyCount "58"]
[EventDate "2007.10.21"]
[EventType "team-tourn"]
[EventRounds "9"]
[EventCountry "GER"]
[SourceTitle "EXT 2016"]
[Source "ChessBase"]
[SourceDate "2015.10.08"]
[SourceVersion "1"]
[SourceVersionDate "2015.10.08"]
[SourceQuality "1"]
[WhiteTeam "Waren"]
[BlackTeam "Stralsund FHSG II"]
[WhiteTeamCountry "GER"]
[BlackTeamCountry "GER"]

1. e4 d5 2. exd5 Nf6 3. d4 Nxd5 4. Nf3 Bg4 5. Be2 e6 6. 0-0 Bxf3 7. Bxf3 c6 8. c4 Nf6 9. Nc3 Be7 10. Be3 0-0 11. Qe2 Qc7 12. Rad1 Re8 13. g3 Nbd7 14. Bg2 Rad8 15. f4 a6 16. Qf3 Nb6 17. b3 Rd7 18. f5 exf5 19. Qxf5 Bb4 20. Rd3 Nc8 21. Bg5 Nd6 22. Qf4 Nh5 23. Qh4 g6 24. g4 Ng7 25. Qh6 Bxc3 26. Rxc3 f5 27. Rh3 Ne6 28. gxf5 gxf5 29. Rxf5 Nxf5 1/2-1/2

[Event "Mecklenburg VP LL1 0607"]
[Site "Mecklenburg VP"]
[Date "2007.04.01"]
[Round "8.1"]
[White "Schreiner, Wolfgang"]
[Black "Riebort, Frank"]
[Result "1/2-1/2"]
[WhiteElo "1890"]
[BlackElo "1953"]
[PlyCount "93"]
[EventDate "2006.10.15"]
[EventType "team"]
[EventRounds "9"]
[EventCountry "GER"]
[SourceTitle "EXT 2008"]
[Source "ChessBase"]
[SourceDate "2007.11.25"]
[SourceVersion "1"]
[SourceVersionDate "2007.11.25"]
[SourceQuality "1"]
[WhiteTeam "Waren"]
[BlackTeam "Wolgast Motor"]
[WhiteTeamCountry "GER"]
[BlackTeamCountry "GER"]

1. Nf3 Nf6 2. c4 g6 3. Nc3 Bg7 4. g3 d6 5. Bg2 0-0 6. 0-0 e5 7. d4 Nc6 8. d5 Ne7 9. e4 h6 10. Ne1 Nh5 11. Nd3 Bd7 12. h3 f5 13. exf5 Bxf5 14. Ne4 Nf6 15. Nxf6+ Rxf6 16. g4 Bd7 17. f4 Qf8 18. Bd2 exf4 19. Nxf4 g5 20. Nd3 Rxf1+ 21. Qxf1 Ng6 22. Be4 Bd4+ 23. Kh1 Qg7 24. Bc3 Rf8 25. Qd1 Bxc3 26. bxc3 Re8 27. Bxg6 Qxg6 28. Qf3 Rf8 29. Qe3 Qf6 30. Kg2 Qxc3 31. Rc1 Qf6 32. Nf2 Re8 33. Qd3 Kg7 34. Rf1 Qe5 35. Qf3 c6 36. Nd1 Qe4 37. Nc3 Qxf3+ 38. Rxf3 cxd5 39. cxd5 b5 40. a3 a5 41. Nd1 Re5 42. Ne3 b4 43. axb4 axb4 44. Kf2 b3 45. Nc4 Rxd5 46. Rxb3 Be6 47. Rb6 1/2-1/2

[Event "Mecklenburg VP LL1 0506"]
[Site "Mecklenburg VP"]
[Date "2006.03.12"]
[Round "8.2"]
[White "Schreiner, Wolfgang"]
[Black "Schwarz, Eckhard"]
[Result "1-0"]
[WhiteElo "1879"]
[BlackElo "1915"]
[PlyCount "58"]
[EventDate "2005.10.23"]
[EventType "team"]
[EventRounds "9"]
[EventCountry "GER"]
[SourceTitle "EXT 2008"]
[Source "ChessBase"]
[SourceDate "2007.11.25"]
[SourceVersion "1"]
[SourceVersionDate "2007.11.25"]
[SourceQuality "1"]
[WhiteTeam "Waren"]
[BlackTeam "Saal Waterkant"]
[WhiteTeamCountry "GER"]
[BlackTeamCountry "GER"]

1. e4 Nf6 2. Nc3 d5 3. exd5 Nxd5 4. Nxd5 Qxd5 5. Nf3 e5 6. d3 Nc6 7. Be2 Bg4 8. 0-0 0-0-0 9. Re1 h6 10. Nxe5 Bxe2 11. Qxe2 Nd4 12. Qd1 g5 13. c3 Nc6 14. Nxc6 Qxc6 15. Qg4+ Kb8 16. d4 Qg6 17. Qe4 Qh5 18. Qf5 Bd6 19. g3 f6 20. Bd2 Rhe8 21. Be3 Qf7 22. b3 h5 23. Bxg5 Rxe1+ 24. Rxe1 Re8 25. Rxe8+ Qxe8 26. Qxf6 Qe1+ 27. Kg2 Qe4+ 28. Qf3 Qc2 29. Qxh5 b6 1-0